[Event "Sydney International Open"]
[Site "Parramatta, NSW"]
[Date "2009.04.16"]
[Round "4.18"]
[White "Stead, Kerry"]
[Black "Wright, Neil"]
[Result "0-1"]
[WhiteElo "2087"]
[BlackElo "2208"]
[PlyCount "78"]
[EventDate "2009.04.15"]
[EventType "swiss"]
[EventRounds "9"]
[EventCountry "AUS"]
[SourceDate "2009.04.15"]

1. d4 d5 2. c4 e5 3. dxe5 d4 4. e4 Nc6 5. f4 f6 6. exf6 Nxf6 7. Bd3 Ng4 8. Nf3
Bb4+ 9. Nbd2 Qf6 10. g3 Ne3 11. Qe2 Bg4 12. a3 Bxd2+ 13. Bxd2 Ne5 14. fxe5 Qxf3
15. Qxf3 Bxf3 16. Rg1 O-O-O 17. Rc1 Rhe8 18. Be2 Bxe2 19. Bxe3 Rxe5 20. Kxe2
Rxe4 21. Rge1 Rxe3+ 22. Kd2 Rde8 23. Rxe3 Rxe3 24. Rf1 Kd7 25. Rf5 c6 26. b4
Ke6 27. Rh5 Rxa3 28. Rxh7 Kf6 29. Rh4 Rb3 30. Rxd4 Rxb4 31. Kc3 a5 32. h4 (32.
Rf4+ Kg6) 32... Rb1 33. Rf4+ Kg6 34. Rg4+ Kh6 35. Rg5 a4 36. Ra5 Rb3+ 37. Kc2
Rxg3 38. Rxa4 Rg4 39. Rb4 b5 0-1

[Event "Sydney International Open"]
[Site "Parramatta, NSW"]
[Date "2009.04.16"]
[Round "4.20"]
[White "Setiawan, Akwie"]
[Black "Zulfic, Fedja"]
[Result "1-0"]
[WhiteElo "2185"]
[BlackElo "1971"]
[PlyCount "73"]
[EventDate "2009.04.15"]
[EventType "swiss"]
[EventRounds "9"]
[EventCountry "AUS"]
[SourceDate "2009.04.15"]

1. c4 c5 2. Nc3 Nc6 3. g3 g6 4. Bg2 Bg7 5. e3 e5 6. Nge2 Nge7 7. O-O O-O 8. Nd5
d6 9. b3 Be6 10. a3 Qd7 11. Re1 Bh3 12. Bh1 f5 13. Bb2 g5 14. Nec3 f4 15. Ne4
fxg3 16. hxg3 Qf5 17. d3 Nxd5 18. cxd5 Ne7 19. Qc2 Rad8 20. Ra2 Kh8 21. Nc3 Bg4
22. e4 Qf7 23. Bc1 Qh5 24. Qd2 Bh6 25. Bg2 Ng6 26. Qe3 Nf4 27. f3 Bh3 28. Bh1
g4 29. Rh2 gxf3 30. Kf2 Qg4 31. Rg1 Ne2 32. Qxh6 Nxg1 33. Bg5 Ne2 34. Rxh3 Qxh3
35. Qxh3 Nxc3 36. Qh6 Nd1+ 37. Kf1 1-0

[Event "Sydney International Open"]
[Site "Parramatta, NSW"]
[Date "2009.04.16"]
[Round "4.21"]
[White "Bennett, Hilton"]
[Black "Bjelobrk, Igor"]
[Result "0-1"]
[WhiteElo "2028"]
[BlackElo "2332"]
[PlyCount "62"]
[EventDate "2009.04.15"]
[EventType "swiss"]
[EventRounds "9"]
[EventCountry "AUS"]
[SourceDate "2009.04.15"]

1. e4 c5 2. Nc3 e6 3. f4 d5 4. exd5 exd5 5. Bb5+ Nc6 6. Qe2+ Be7 7. Nf3 Bg4 8.
h3 Bxf3 9. Qxf3 Nf6 10. Bxc6+ bxc6 11. O-O O-O 12. d3 Re8 13. Bd2 c4 14. dxc4
Qb6+ 15. Kh2 Qxb2 16. Rfc1 Qb4 17. cxd5 cxd5 18. Rab1 Qc4 19. Qd3 Qc6 20. Nb5
Bc5 21. c4 Rad8 22. cxd5 Rxd5 23. Qf3 Qd7 24. Ba5 Bf8 25. Rd1 Rxd1 26. Qxd1 Qf5
27. Bc7 Nd5 28. g4 Qe4 29. Be5 Nxf4 30. Bxf4 Qxf4+ 31. Kg2 Re3 0-1

[Event "Sydney International Open"]
[Site "Parramatta, NSW"]
[Date "2009.04.16"]
[Round "4.23"]
[White "Hursky, Karel"]
[Black "Mohota, Nisha"]
[Result "0-1"]
[WhiteElo "2084"]
[BlackElo "2304"]
[PlyCount "66"]
[EventDate "2009.04.15"]
[EventType "swiss"]
[EventRounds "9"]
[EventCountry "AUS"]
[SourceDate "2009.04.15"]

1. e4 e5 2. Nf3 Nc6 3. Nc3 Nf6 4. Bb5 Bb4 5. d3 d6 6. O-O Bxc3 7. Bxc6+ bxc6 8.
bxc3 O-O 9. Bg5 Bg4 10. h3 Bh5 11. g4 Bg6 12. Nd2 h6 13. Bh4 Bh7 14. Rb1 g5 15.
Bg3 Qd7 16. f3 Ne8 17. Rb7 Ng7 18. Bf2 Ne6 19. d4 f6 20. Nc4 h5 21. dxe5 fxe5
22. Nxe5 Qe8 23. Nc4 Qc8 24. Rb1 Nf4 25. Kh2 hxg4 26. Bg3 Qe6 27. Bxf4 gxf4 28.
Qd4 c5 29. Qd5 g3+ 30. Kg2 Qxd5 31. exd5 Bxc2 32. Rb7 Bd3 33. Rxc7 Bxc4 0-1

[Event "Sydney International Open"]
[Site "Parramatta, NSW"]
[Date "2009.04.16"]
[Round "4.24"]
[White "Chow, Samuel"]
[Black "Yuan, Yi"]
[Result "1-0"]
[WhiteElo "2299"]
[BlackElo "2010"]
[Annotator "TheRealDeal"]
[PlyCount "63"]
[EventDate "2009.04.15"]
[EventType "swiss"]
[EventRounds "9"]
[EventCountry "AUS"]
[SourceDate "2009.04.15"]

1. c4 e5 2. Nc3 Nf6 3. Nf3 Nc6 4. d4 exd4 5. Nxd4 Nxd4 6. Qxd4 Be7 7. g3 O-O 8.
Bg2 d6 9. O-O Re8 10. b3 Nd7 11. Bb2 Bf6 12. Qd2 Nc5 13. e4 a5 14. Rac1 Bd7 15.
Qc2 Bc6 16. Rfe1 Qb8 17. Kh1 b6 18. Rcd1 a4 19. b4 a3 20. Ba1 Na4 21. Nd5 Bxa1
22. Rxa1 Nb2 23. e5 Ba4 24. Qc3 dxe5 25. Rxe5 Rxe5 26. Qxe5 c6 27. Ne7+ Kh8 (
27... Kf8 28. Qf5 (28. Qe4 Qd6) 28... Qd6 29. Qxh7 Qe5 30. Nf5 (30. Qh8+ Kxe7
31. Qxa8 Nd1 32. Rxd1 Bxd1 33. h3 Qe1+ 34. Kh2 Qxf2 35. Qxc6 Qxa2 36. Qc7+ Kf6
37. Qd6+ Kg5 38. Qxd1 Qxc4 39. Qd2+ Kg6 40. Bd5)) 28. Qf5 Qd6 29. Be4 g6 30.
Qxf7 Nd1 31. Bxg6 Nxf2+ 32. Kg2 1-0

[Event "Sydney International Open"]
[Site "Parramatta, NSW"]
[Date "2009.04.16"]
[Round "4.25"]
[White "Descallar, Levi"]
[Black "Steadman, Michael"]
[Result "0-1"]
[WhiteElo "1984"]
[BlackElo "2262"]
[PlyCount "72"]
[EventDate "2009.04.15"]
[EventType "swiss"]
[EventRounds "9"]
[EventCountry "AUS"]
[SourceDate "2009.04.15"]

1. d4 g6 2. Nf3 Bg7 3. e4 d6 4. h3 Nd7 5. Be2 a6 6. Be3 b5 7. c3 Bb7 8. Nbd2
Ngf6 9. Qc2 c5 10. O-O Rc8 11. Qb1 O-O 12. Bd3 e6 13. Rc1 Nb6 14. b3 Nfd7 15.
a4 Bc6 16. a5 Na8 17. b4 Qe7 18. bxc5 dxc5 19. dxc5 f5 20. Qb4 f4 21. Bd4 e5
22. Ra2 Nc7 23. Re1 Rfd8 24. Rc2 g5 25. Kf1 Ne6 26. Rcc1 h5 27. Nb3 g4 28. Ng1
Ng5 29. Ke2 f3+ 30. gxf3 gxf3+ 31. Kd1 exd4 32. cxd4 Ne5 33. Re3 Nxd3 34. Rxd3
Bxe4 35. Re3 h4 36. Nd2 Rxd4 0-1

[Event "Sydney International Open"]
[Site "Parramatta, NSW"]
[Date "2009.04.16"]
[Round "4.26"]
[White "Holland, Dennis"]
[Black "Stojic, Dusan"]
[Result "0-1"]
[WhiteElo "1963"]
[BlackElo "2229"]
[PlyCount "70"]
[EventDate "2009.04.15"]
[EventType "swiss"]
[EventRounds "9"]
[EventCountry "AUS"]
[SourceDate "2009.04.15"]

1. d4 Nf6 2. Nf3 g6 3. Nbd2 Bg7 4. e4 d6 5. c3 O-O 6. Bd3 c5 7. dxc5 dxc5 8.
Qc2 Nc6 9. O-O Qc7 10. Re1 Rd8 11. Nc4 b5 12. Ne3 a6 13. g3 Bb7 14. Ng2 c4 15.
Bf1 Nd7 16. Bf4 Nde5 17. Nxe5 Nxe5 18. Kh1 Qc6 19. Bxe5 Bxe5 20. Nh4 Bf6 21.
Nf3 e5 22. Rad1 Rxd1 23. Qxd1 Rd8 24. Qc2 Bg7 25. Bg2 Rd3 26. Nh4 Qd6 27. Nf3
f5 28. Ng5 h6 29. Nh3 Bxe4 30. Bxe4 fxe4 31. Kg2 Qd5 32. Re3 h5 33. Qe2 Rd2 34.
Qe1 Rxb2 35. Rxe4 Rxa2 0-1

[Event "Sydney International Open"]
[Site "Parramatta, NSW"]
[Date "2009.04.16"]
[Round "4.27"]
[White "Ayvazyan, Armen"]
[Black "Tan, Kevin"]
[Result "1-0"]
[WhiteElo "2210"]
[BlackElo "1956"]
[PlyCount "129"]
[EventDate "2009.04.15"]
[EventType "swiss"]
[EventRounds "9"]
[EventCountry "AUS"]
[SourceDate "2009.04.15"]

1. Nf3 Nf6 2. c4 g6 3. Nc3 Bg7 4. e4 d6 5. d4 O-O 6. Be2 e5 7. O-O Nc6 8. d5
Ne7 9. Nd2 Nd7 10. b4 f5 11. f3 f4 12. c5 dxc5 13. bxc5 Nxc5 14. Ba3 Nd7 15.
Nb5 a6 16. Nxc7 Qxc7 17. Bxe7 Re8 18. Bh4 b5 19. Rc1 Qb8 20. Nb3 Bf8 21. Bf2
Bb7 22. Na5 Rc8 23. Nc6 Qd6 24. Qb3 Kg7 25. Rfd1 Rc7 26. a4 bxa4 27. Qxa4 Qa3
28. Qxa3 Bxa3 29. Rc4 Kf6 30. Nxe5 Rxc4 31. Nxc4 Bb4 32. e5+ Ke7 33. Bh4+ Ke8
34. e6 Bc5+ 35. Kf1 Nf8 36. d6 Nxe6 37. d7+ Kf7 38. d8=Q Nxd8 39. Rxd8 Rxd8 40.
Bxd8 Be7 41. Bc7 g5 42. Nd6+ Bxd6 43. Bxd6 Ke6 44. Bc7 h5 45. Ke1 Kf5 46. h3
Kf6 47. Kd2 Bc8 48. Kc3 g4 49. hxg4 hxg4 50. Bxf4 gxf3 51. Bxf3 a5 52. Bc7 a4
53. Kb4 Bd7 54. Bd1 Bc6 55. g3 Kf5 56. Bxa4 Bd5 57. Kc5 Bg8 58. Kd4 Kg4 59.
Bd7+ Kg5 60. Bd8+ Kg6 61. Ke5 Kg7 62. Be8 Kf8 63. Bh5 Bh7 64. Kf6 Bg8 65. Be7#
1-0

[Event "Sydney International Open"]
[Site "Parramatta, NSW"]
[Date "2009.04.16"]
[Round "4.28"]
[White "Amrutha, Mokal"]
[Black "Lee, Bryan"]
[Result "1-0"]
[WhiteElo "2155"]
[BlackElo "1918"]
[PlyCount "61"]
[EventDate "2009.04.15"]
[EventType "swiss"]
[EventRounds "9"]
[EventCountry "AUS"]
[SourceDate "2009.04.15"]

1. e4 c5 2. Nf3 d6 3. d4 cxd4 4. Nxd4 Nf6 5. Nc3 g6 6. Be3 Bg7 7. f3 O-O 8. Qd2
Nc6 9. Bc4 Bd7 10. O-O-O Rc8 11. Bb3 Ne5 12. Kb1 Nc4 13. Bxc4 Rxc4 14. h4 b5
15. b3 Rc8 16. h5 Nxh5 17. g4 Nf6 18. Bh6 Bxh6 19. Qxh6 Rxc3 20. g5 Re8 21.
gxf6 exf6 22. Nf5 Bxf5 23. exf5 Rce3 24. Qxh7+ Kf8 25. Qh6+ Ke7 26. Qxe3+ Kd7
27. Qxa7+ Kc6 28. fxg6 fxg6 29. Qa6+ Kc7 30. Rh7+ Re7 31. Qa7+ 1-0

[Event "Sydney International Open"]
[Site "Parramatta, NSW"]
[Date "2009.04.16"]
[Round "4.29"]
[White "Bird, Andrew"]
[Black "Ruan, Jack"]
[Result "1-0"]
[WhiteElo "2146"]
[BlackElo "1886"]
[PlyCount "133"]
[EventDate "2009.04.15"]
[EventType "swiss"]
[EventRounds "9"]
[EventCountry "AUS"]
[SourceDate "2009.04.15"]

1. Nf3 Nf6 2. c4 g6 3. Nc3 Bg7 4. g3 O-O 5. Bg2 d6 6. O-O e5 7. d3 Nbd7 8. Rb1
a5 9. a3 c6 10. e4 Ne8 11. b4 axb4 12. axb4 f5 13. Qb3 Kh8 14. Bb2 f4 15. Na4
g5 16. gxf4 exf4 17. Nd2 g4 18. f3 h5 19. Ra1 Qh4 20. Rfd1 g3 21. Nf1 Qg5 22.
Bxg7+ Nxg7 23. d4 gxh2+ 24. Kxh2 Rg8 25. Qb2 h4 26. Bh3 Nh5 27. Qg2 Ng3 28. Nc3
Rxa1 29. Rxa1 Nb6 30. Bxc8 Nxf1+ 31. Qxf1 Qg3+ 32. Kh1 Nxc8 33. Ne2 Qg5 34. Qh3
Ne7 35. Rg1 Qf6 36. Rxg8+ Kxg8 37. Qg4+ Kf7 38. Qxf4 Ng6 39. Qxf6+ Kxf6 40. f4
b6 41. Kg2 c5 42. bxc5 bxc5 43. d5 Ne7 44. Kh3 Nc8 45. Kxh4 Nb6 46. Kg4 Nxc4
47. Nc3 Nd2 48. Kh5 Nf3 49. Nb5 Ke7 50. Kg4 Nd2 51. Kf5 Nc4 52. e5 dxe5 53.
fxe5 Ne3+ 54. Ke4 Nc4 55. d6+ Ke6 56. Nc7+ Kd7 57. Kd5 Nb6+ 58. Kxc5 Na4+ 59.
Kd4 Nb6 60. Nd5 Na4 61. Nf6+ Ke6 62. Ne4 Nb6 63. Nc5+ Kf7 64. Ke4 Ke8 65. e6
Nc4 66. d7+ Ke7 67. Nb7 1-0

[Event "Sydney International Open"]
[Site "Parramatta, NSW"]
[Date "2009.04.16"]
[Round "4.30"]
[White "Broekhuyse, Paul"]
[Black "Guo, Emma"]
[Result "1-0"]
[WhiteElo "2118"]
[BlackElo "1845"]
[PlyCount "119"]
[EventDate "2009.04.15"]
[EventType "swiss"]
[EventRounds "9"]
[EventCountry "AUS"]
[SourceDate "2009.04.15"]

1. d4 Nf6 2. c4 c5 3. Nf3 cxd4 4. Nxd4 d6 5. Nc3 g6 6. e4 Nbd7 7. Be2 Bg7 8.
O-O O-O 9. Be3 Ne5 10. h3 a6 11. f4 Ned7 12. Bf3 e6 13. Rc1 Nb6 14. b3 Rb8 15.
Qd2 Bd7 16. Rfd1 Ne8 17. Kh1 Bc6 18. Nxc6 bxc6 19. c5 Nc8 20. cxd6 Qxd6 21.
Qxd6 Nexd6 22. e5 Nf5 23. Bc5 Nfe7 24. Ne4 Re8 25. Rd7 Nd5 26. g3 Ncb6 27. Ra7
Ra8 28. Bxb6 Nxb6 29. Rxa8 Rxa8 30. Rxc6 Rb8 31. Kg2 a5 32. Rc5 a4 33. Rb5 axb3
34. axb3 Nd7 35. Rxb8+ Nxb8 36. b4 Bf8 37. b5 Bb4 38. Kf2 Nd7 39. Ke2 Kg7 40.
Kd3 Nb6 41. Nd6 Bc5 42. Bc6 Bf2 43. g4 Bg3 44. Ke4 f5+ 45. Kf3 Be1 46. g5 Bb4
47. Ne8+ Kf7 48. Nf6 Kg7 49. Ke2 Bc5 50. Kd3 Bg1 51. h4 Bh2 52. Ke3 Bg1+ 53.
Kf3 Bd4 54. h5 Nc4 55. h6+ Kh8 56. Bd7 Na3 57. Ke2 Bg1 58. Ne8 Bh2 59. Kf3 Bg1
60. Nc7 1-0

[Event "Sydney International Open"]
[Site "Parramatta, NSW"]
[Date "2009.04.16"]
[Round "4.32"]
[White "Dizdarevich, Mehmedalija"]
[Black "Setiabudi, Allen"]
[Result "1-0"]
[WhiteElo "2081"]
[BlackElo "1843"]
[PlyCount "93"]
[EventDate "2009.04.15"]
[EventType "swiss"]
[EventRounds "9"]
[EventCountry "AUS"]
[SourceDate "2009.04.15"]

1. e4 c5 2. Nf3 e6 3. d4 cxd4 4. Nxd4 a6 5. Bd3 Nc6 6. Be3 Qc7 7. Qe2 Nf6 8.
O-O d5 9. exd5 Nxd5 10. Nxc6 Nxe3 11. Qxe3 Qxc6 12. Nc3 Be7 13. Ne4 O-O 14.
Rfe1 Qc7 15. Qh3 g6 16. Qh6 Qe5 17. c3 Qg7 18. Qf4 e5 19. Qg3 Bf5 20. Qe3 Rad8
21. Rad1 Rfe8 22. Bc4 b5 23. Bb3 Kh8 24. Ng3 Bg4 25. Rxd8 Bxd8 26. Qa7 Qh6 27.
Qxf7 Rf8 28. Qd5 Qf4 29. Qxe5+ Qxe5 30. Rxe5 Bb6 31. Nh1 Rd8 32. h3 Bd1 33. Ng3
Bxb3 34. axb3 Bc7 35. Re2 Rd1+ 36. Nf1 Kg8 37. g3 Rb1 38. Kg2 Kf7 39. Nh2 b4
40. c4 Bd8 41. Ng4 Bb6 42. Ne5+ Kg7 43. Rd2 h5 44. h4 Kh6 45. Nf7+ Kg7 46. Ng5
Kh6 47. Rd7 1-0

[Event "Sydney International Open"]
[Site "Parramatta, NSW"]
[Date "2009.04.16"]
[Round "4.33"]
[White "Selnes, Hamish"]
[Black "Chan, Jason"]
[Result "0-1"]
[WhiteElo "1921"]
[BlackElo "2056"]
[PlyCount "80"]
[EventDate "2009.04.15"]
[EventType "swiss"]
[EventRounds "9"]
[EventCountry "AUS"]
[SourceDate "2009.04.15"]

1. d4 Nf6 2. c4 g6 3. Nf3 Bg7 4. g3 O-O 5. Bg2 d6 6. O-O c5 7. d5 b5 8. cxb5 a6
9. bxa6 Bxa6 10. Nc3 Qb6 11. Rb1 Nbd7 12. Re1 Rfb8 13. e4 Ng4 14. Bf4 Ra7 15.
Bh3 Nge5 16. Nxe5 Nxe5 17. Bf1 Bxf1 18. Bxe5 Bxe5 19. Rxf1 Bxc3 20. bxc3 Qxb1
21. Qxb1 Rxb1 22. Rxb1 Rxa2 23. e5 dxe5 24. Rb5 {White offered a draw.} c4 25.
Rb4 Rd2 26. Rxc4 Rxd5 27. Rc7 Kf8 28. Rc8+ Kg7 29. c4 Rd1+ 30. Kg2 e4 31. c5 h5
32. c6 Rc1 33. c7 Kf6 34. h3 e6 35. g4 hxg4 36. hxg4 Rc3 37. Kf1 Kg5 38. Ke2
Kxg4 39. Kd2 Rc6 40. Ke3 Kf5 0-1

[Event "Sydney International Open"]
[Site "Parramatta, NSW"]
[Date "2009.04.16"]
[Round "4.36"]
[White "Stojic, Svetozar"]
[Black "Encel, Benjamin"]
[Result "1-0"]
[WhiteElo "1989"]
[BlackElo "1838"]
[PlyCount "105"]
[EventDate "2009.04.15"]
[EventType "swiss"]
[EventRounds "9"]
[EventCountry "AUS"]
[SourceDate "2009.04.15"]

1. e4 c5 2. Nf3 g6 3. d4 cxd4 4. Nxd4 Nc6 5. Nc3 Bg7 6. Be3 Nf6 7. Bc4 O-O 8.
Bb3 d6 9. f3 Nxd4 10. Bxd4 Qa5 11. Qd2 Nd7 12. O-O-O Bxd4 13. Qxd4 Qc5 14. Nd5
e5 15. Ne7+ Kg7 16. Qxd6 Qxd6 17. Rxd6 Nc5 18. Bd5 Be6 19. b4 Bxd5 20. Nxd5 Ne6
21. c4 Rac8 22. Ne3 Rc7 23. Kb2 Nd4 24. c5 Rfc8 25. Nd5 Rc6 26. Rxc6 bxc6 27.
Ne3 Rb8 28. Kc3 a5 29. bxa5 Rb5 30. Nc4 Ne2+ 31. Kd2 Rxc5 32. Nxe5 Rxe5 33.
Kxe2 Rxa5 34. Ra1 Ra3 35. Kd2 Kf6 36. Kc2 Ke5 37. Kb2 Ra5 38. a4 f5 39. Kb3 c5
40. Re1 Kd4 41. e5 c4+ 42. Kb4 Rxe5 43. Rxe5 Kxe5 44. Kxc4 Kf4 45. a5 Ke3 46.
a6 Kf2 47. a7 Kxg2 48. a8=Q Kxh2 49. Qg8 Kg3 50. Qxh7 Kxf3 51. Qxg6 f4 52. Qg1
Ke2 53. Qg2+ 1-0

[Event "Sydney International Open"]
[Site "Parramatta, NSW"]
[Date "2009.04.16"]
[Round "4.37"]
[White "Lester, George"]
[Black "Milligan, Helen"]
[Result "0-1"]
[WhiteElo "1801"]
[BlackElo "1985"]
[PlyCount "82"]
[EventDate "2009.04.15"]
[EventType "swiss"]
[EventRounds "9"]
[EventCountry "AUS"]
[SourceDate "2009.04.15"]

1. d4 Nf6 2. c4 e6 3. Nc3 Bb4 4. e3 b6 5. Nge2 Ba6 6. a3 Bxc3+ 7. Nxc3 O-O 8.
Bd3 d5 9. b3 Nc6 10. cxd5 Bxd3 11. Qxd3 exd5 12. O-O Na5 13. b4 Nb7 14. Bb2 Nd6
15. Rad1 Re8 16. f3 Qe7 17. Rfe1 a5 18. b5 Rac8 19. a4 Nc4 20. Bc1 c6 21. bxc6
Rxc6 22. e4 Qb4 23. e5 Nd7 24. Nxd5 Qxa4 25. Qf5 Nf8 26. Bg5 Nb2 27. Rd2 Nc4
28. Rde2 Qa3 29. Bc1 Qb3 30. Nf4 a4 31. d5 Rc5 32. e6 f6 33. e7 Ng6 34. Qe6+
Kh8 35. Qd7 Qb5 36. Nxg6+ hxg6 37. Qh3+ Kg8 38. Qe6+ Kh7 39. d6 Nxd6 40. Qxd6
Rxc1 41. Qg3 Qxe2 0-1

[Event "Sydney International Open"]
[Site "Parramatta, NSW"]
[Date "2009.04.16"]
[Round "4.38"]
[White "Barisic, Frank"]
[Black "Davis, Tony"]
[Result "0-1"]
[WhiteElo "1615"]
[BlackElo "1983"]
[PlyCount "120"]
[EventDate "2009.04.15"]
[EventType "swiss"]
[EventRounds "9"]
[EventCountry "AUS"]
[SourceDate "2009.04.15"]

1. e4 e6 2. d4 d5 3. exd5 exd5 4. c4 Bb4+ 5. Nc3 Qe7+ 6. Be3 Nf6 7. a3 Bxc3+ 8.
bxc3 Bg4 9. Be2 Bxe2 10. Nxe2 O-O 11. O-O dxc4 12. Re1 Nbd7 13. Bg5 Rfe8 14. h3
Qd6 15. Qa4 Nb6 16. Qc2 Ne4 17. Bf4 Qd7 18. f3 Nd6 19. a4 Nd5 20. Bh2 Re3 21.
Bg3 Rae8 22. Bf2 R3e6 23. Qa2 Qe7 24. Ng3 Nxc3 25. Rxe6 Qxe6 26. Qa3 Ne2+ 27.
Nxe2 Qxe2 28. Re1 Qc2 29. Rxe8+ Nxe8 30. Qb4 Nd6 31. Qa5 Qb1+ 32. Kh2 Qb6 33.
Qd2 Qc6 34. Qc2 a6 35. Bg3 b5 36. axb5 axb5 37. Qc3 f6 38. Be1 Nc8 39. Qe3 Qd6+
40. Kh1 Qe7 41. Qc3 Nb6 42. Qa5 Qd6 43. Qxb5 Kf7 44. Bc3 Qd5 45. Qa6 Qg5 46.
Qa1 Qe3 47. Qa5 Kg6 48. Kh2 Qf4+ 49. Kh1 Qg5 50. Qb4 Qc1+ 51. Kh2 Nd5 52. Qxc4
Nxc3 53. Qxc7 Ne2 54. Qxc1 Nxc1 55. g4 Kf7 56. Kg2 Ke6 57. Kf2 Kd5 58. Ke3 Nb3
59. f4 g6 60. h4 Nxd4 0-1

[Event "Sydney International Open"]
[Site "Parramatta, NSW"]
[Date "2009.04.16"]
[Round "4.39"]
[White "Muller, Jonas"]
[Black "Anton, Sarah"]
[Result "0-1"]
[WhiteElo "1981"]
[BlackElo "1718"]
[PlyCount "96"]
[EventDate "2009.04.15"]
[EventType "swiss"]
[EventRounds "9"]
[EventCountry "AUS"]
[SourceDate "2009.04.15"]

1. e4 c5 2. Nf3 d6 3. d4 cxd4 4. Nxd4 Nf6 5. Nc3 a6 6. f4 e6 7. Be2 Be7 8. Be3
Nc6 9. O-O O-O 10. Bf3 Qc7 11. a4 Bd7 12. Kh1 (12. Nb3) 12... Rac8 13. Qe1 Rfd8
14. Rd1 Nxd4 15. Bxd4 e5 16. Be3 Bc6 (16... exf4 17. Bxf4 Be6) 17. Qf2 Qb8 18.
a5 Bd7 19. Qg3 Re8 20. fxe5 dxe5 21. Bh6 g6 22. Bg5 Be6 23. Qh4 Kg7 24. Be2 Ng8
25. Bd3 Qc7 26. Ra1 Qd6 27. Bxe7 Rxe7 28. Qg3 Rc5 29. Ne2 Qc7 30. b4 Rc6 31.
Qe3 Rd7 32. b5 Rc5 33. Rfb1 Bc4 34. bxa6 bxa6 35. Rb6 Bxd3 36. cxd3 Rd6 37.
Rxd6 Qxd6 38. h3 Nf6 39. Nc1 Qc7 40. Qe1 Rc3 41. Qe3 Nh5 42. Ne2 Rc5 43. Qd2
Rc2 44. Rc1 Rxd2 45. Rxc7 Rxe2 46. Rc6 Nf4 47. Rxa6 Rxg2 48. Ra8 Ra2 0-1

[Event "Sydney International Open"]
[Site "Parramatta, NSW"]
[Date "2009.04.16"]
[Round "4.40"]
[White "Rosario, Amiel"]
[Black "Ousmand, Vineths"]
[Result "0-1"]
[WhiteElo "1969"]
[BlackElo "1575"]
[PlyCount "140"]
[EventDate "2009.04.15"]
[EventType "swiss"]
[EventRounds "9"]
[EventCountry "AUS"]
[SourceDate "2009.04.15"]

1. d4 Nf6 2. c4 g6 3. Nc3 Bg7 4. e4 d6 5. Be2 O-O 6. Nf3 c6 7. O-O Nbd7 8. Qc2
e5 9. d5 cxd5 10. cxd5 a5 11. Nb5 Nc5 12. Nd2 Ne8 13. f3 f5 14. Nc4 h6 15. Be3
Na6 16. Nb6 Rb8 17. Qd2 f4 18. Bf2 a4 19. Nxa4 h5 20. Rac1 Qg5 21. Nb6 Bh3 22.
g3 Bxf1 23. Kxf1 Rf7 24. Nc8 Qf6 25. Qa5 Nc5 26. Ncxd6 Nxd6 27. Nxd6 Qxd6 28.
Bxc5 Qd7 29. Kg2 Bh6 30. Rc2 Rc8 31. b4 Rf6 32. Bc4 Kh7 33. Bb5 Qc7 34. Qa4 b6
35. Qa6 Bg7 36. Bd3 bxc5 37. Qb5 Rb6 38. Qxc5 Qxc5 39. bxc5 Rb4 40. d6 Rd4 41.
Ba6 Rc6 42. Bb7 Rdxd6 43. Bxc6 Rxc6 44. a4 Bf8 45. gxf4 exf4 46. Rb2 Rxc5 47.
Rb7+ Kh6 48. Rf7 Bd6 49. Rf6 Be5 50. Ra6 Bc3 51. h4 Ra5 52. Rc6 Be5 53. Rc4 Kg7
54. Kf2 Kf7 55. Ke2 Ke7 56. Rc6 Bd6 57. Rc4 Ke6 58. Kd3 Rc5 59. Rb4 Ra5 60. Rc4
g5 61. hxg5 Rxg5 62. Rc8 Ra5 63. Rh8 Kf7 64. Rd8 Be7 65. Rd5 Rxd5+ 66. exd5 h4
67. Ke2 Kf6 68. a5 Ke5 69. a6 Bc5 70. Kf1 h3 0-1

[Event "Sydney International Open"]
[Site "Parramatta, NSW"]
[Date "2009.04.16"]
[Round "4.41"]
[White "Yu, Sally"]
[Black "Forster, Bill"]
[Result "0-1"]
[WhiteElo "1819"]
[BlackElo "1963"]
[PlyCount "138"]
[EventDate "2009.04.15"]
[EventType "swiss"]
[EventRounds "9"]
[EventCountry "AUS"]
[SourceDate "2009.04.15"]

1. e4 c5 2. Nf3 Nc6 3. d4 cxd4 4. Nxd4 g6 5. Nc3 Bg7 6. Be3 Nf6 7. f3 O-O 8.
Qd2 d5 9. O-O-O dxe4 10. fxe4 Ng4 11. Nxc6 Qxd2+ 12. Rxd2 bxc6 13. Nd1 Nxe3 14.
Nxe3 Rb8 15. c3 Be6 16. a3 Bh6 17. Re2 Rb3 18. Kb1 Rfb8 19. Nd1 Bg4 20. Ka2
Bxe2 21. Bxe2 R3b7 22. Rf1 Rd7 23. Bf3 Rd2 24. Rf2 Rbd8 25. Rxd2 Rxd2 26. Kb3
f5 27. e5 Bf4 28. h3 Bxe5 29. Ne3 Rd6 30. Nc4 Re6 31. Nxe5 Rxe5 32. Bxc6 Kf7
33. c4 Ke6 34. Kb4 Kd6 35. Bb5 f4 36. Ka5 Rg5 37. Ka6 Rxg2 38. b4 f3 39. Kb7 e5
40. c5+ Ke6 41. c6 Rc2 42. c7 Rxc7+ 43. Kxc7 e4 44. Bc6 f2 45. Bb5 Kf6 46. Kd6
Kf5 47. Kd5 Kf4 48. Kd4 g5 49. Bf1 h5 50. a4 g4 51. hxg4 hxg4 52. b5 Kf3 53. a5
g3 54. b6 axb6 55. axb6 g2 56. Bxg2+ Kxg2 57. b7 f1=Q 58. b8=Q Qd3+ 59. Kc5 e3
60. Qg8+ Kf2 61. Qf7+ Ke2 62. Qh5+ Kd2 63. Qg5 Kc2 64. Qg2+ e2 65. Kb6 Qd2 66.
Qe4+ Kc1 67. Qc4+ Qc2 68. Qf4+ Kb1 69. Qh4 Qb3+ 0-1

[Event "Sydney International Open"]
[Site "Parramatta, NSW"]
[Date "2009.04.16"]
[Round "4.42"]
[White "Jule, Alexandra"]
[Black "Ousmand, Nizami"]
[Result "0-1"]
[WhiteElo "1928"]
[BlackElo "1575"]
[PlyCount "91"]
[EventDate "2009.04.15"]
[EventType "swiss"]
[EventRounds "9"]
[EventCountry "AUS"]
[SourceDate "2009.04.15"]

1. d4 Nf6 2. Nf3 g6 3. g3 Bg7 4. Bg2 O-O 5. O-O d6 6. c4 c6 7. Nc3 Nbd7 8. h3
Nb6 9. Qd3 Be6 10. Nd2 Rb8 11. e4 d5 12. cxd5 cxd5 13. e5 Ne8 14. f4 Nc7 15. b3
Na6 16. Ba3 Rc8 17. Rac1 Bf5 18. Qf3 Be6 19. g4 f5 20. g5 Qd7 21. Rc2 Rc7 22.
Rfc1 Rfc8 23. Bf1 Nb8 24. Qf2 Qd8 25. Bc5 Nc6 26. a4 Na8 27. Nf3 a6 28. Ba3 Na5
29. Nd2 Nc6 30. b4 Na7 31. Nb3 Bf7 32. Nc5 e6 33. b5 axb5 34. axb5 Bf8 35. Bb2
b6 36. Na6 Rb7 37. Na4 Rxc2 38. Qxc2 Be8 39. Qb3 Qd7 40. Nc3 Nc7 41. Nxc7 Rxc7
42. Na4 Rxc1 43. Bxc1 Nxb5 44. Nxb6 Qc7 45. Bxb5 Qxb6 46. Ba4 0-1

[Event "Sydney International Open"]
[Site "Parramatta, NSW"]
[Date "2009.04.16"]
[Round "4.43"]
[White "Siddiqi, Shan"]
[Black "Camer, Angelito"]
[Result "1-0"]
[WhiteElo "1683"]
[BlackElo "2013"]
[PlyCount "87"]
[EventDate "2009.04.15"]
[EventType "swiss"]
[EventRounds "9"]
[EventCountry "AUS"]
[SourceDate "2009.04.15"]

1. e4 c5 2. Nc3 a6 3. f4 Nc6 4. Nf3 e6 5. d3 d6 6. g3 b5 7. Bg2 Bb7 8. O-O Qc7
9. f5 e5 10. Nd5 Qd8 11. a4 Nce7 12. Ne3 Nf6 13. axb5 axb5 14. Rxa8 Qxa8 15.
Ng5 h6 16. Nh3 Neg8 17. c3 Be7 18. Qb3 Bc6 19. Nc2 c4 20. dxc4 bxc4 21. Qxc4
Bxe4 22. Bxe4 Nxe4 23. Qb5+ Kf8 24. Be3 Qc8 25. Ra1 Ngf6 26. Nb4 Kg8 27. Nd5
Nxd5 28. Qxd5 Qxf5 29. Rf1 Qe6 30. Qa8+ Bf8 31. Qxe4 Qxh3 32. Qb7 Qe6 33. b4
Be7 34. b5 g6 35. b6 Kg7 36. Qc6 Rc8 37. Qb5 Qa2 38. b7 Rb8 39. Qc6 Qb2 40. Bb6
d5 41. Qc7 Rxb7 42. Qxb7 Bc5+ 43. Kh1 Qxb6 44. Rxf7+ 1-0